| 000 | 00970nam a22001697a 4500 | ||
|---|---|---|---|
| 003 | SGT | ||
| 020 | _a9788131726990 | ||
| 082 | _a620.1 | ||
| 100 | _aHIBBELER R.C. | ||
| 245 | _aENGINEERING MECHANICS STATICS & DYNAMICS | ||
| 250 | _a11TH | ||
| 260 |
_aNEW DELHI _bPEARSON _c2010 |
||
| 300 | _a838 | ||
| 650 | _aENGINEERING & ALLIED OPERATIONS | ||
| 653 | _aGENERAL PRINCIPLES, FORCE VECTORS, EQUILIBRIUM OF A PARTICLE, FORCE SYSTEM RESULTANTS, EQUILIBRIUM OF A RIGID BODY, STRUCTURAL ANALYSIS, INTERNAL FORCES, FRICTION, CENTER OF GRAVITY AND CENTROID, MOMENTS OF INERTIA, VIRTUAL WORK, KINEMATICS OF A PARTICLE, KINETICS OF A PARTICLE: FORCE AND ACCELERATION, KINETICS OF A PARTICLE: WORK AND ENERGY, KINETICS OF A PARTICLE: IMPULSE AND MOMENTUM, PLANAR KINEMATICS OF A RIGID BODY, PLANAR KINETICS OF A RIGID BODY: FORCE AND ACCELERATION, PLANAR KINETICS OF A RIGID BODY: WORK AND ENERGY, PLANAR KINETICS OF A RIGID BODY: IMPULSE AND MOMENTUM | ||
| 942 |
_2ddc _cFPS |
||
| 999 |
_c9421 _d9421 |
||